Taylor Swift - Girl At Home Lyrics - Statistics

General Stats
  • This quiz has been taken 140 times
    120 since last reset
  • The average score is 341 of 390
Answer Stats
Answer % Correct
girl
100%
home
100%
a
99%
And
99%
and
99%
at
99%
do
99%
everybody
99%
go
99%
got
99%
know
99%
knows
99%
you
99%
You
99%
Don't
97%
Don’t
97%
don't
97%
look
97%
me
97%
that
97%
I
94%
But
88%
her
88%
be
85%
even
85%
like
85%
To
85%
to
85%
your
85%
You're
85%
you're
85%
If
84%
it
84%
It
84%
no
82%
what
82%
who
82%
been
81%
This
81%
this
81%
was
81%
feel
79%
just
79%
right
79%
you've
79%
ah
78%
yeah
78%
It’s
76%
so
76%
up
76%
what's
76%
would
76%
fine
75%
learned
75%
my
75%
Oh
75%
oh
75%
stupid
75%
alone
72%
Call
72%
hadn’t
72%
hadn't
72%
have
72%
kind
72%
now
72%
phone
72%
see
72%
cab
71%
kinda
71%
man
71%
number
71%
of
71%
once
71%
the
71%
about
69%
consider
69%
lesson
69%
lose
69%
proposition
69%
say
69%
responsibility
68%
turn
68%
wanna
68%
Wanna
68%
many
66%
off
66%
previously
66%
am
65%
Let's
65%
might
65%
tell
65%
upstanding
65%
with
65%
coming
63%
make
63%
code
62%
crossing
62%
lines
62%
closer
60%
makes
60%
one's
60%
exception
59%
getting
59%
sure
56%
honey
54%
pick
54%
sad
54%
understand
53%
for
51%
she
50%
take
50%
down
47%
perfectly
44%
thing
44%
waits
43%
granted
41%
newest
38%
While
38%
chase
37%
No matching quizzes found
Score Distribution
Percent of People with Each Score
Percentile by Number Answered
Your Score History
You have not taken this quiz since the last reset